Reexamining reading diagnosis: new trends and procedures

Gorde:
Xehetasun bibliografikoak
Egile Nagusiak: Mandel Glazer, Susan (autora), Searfoss, Lyndon W (Egilea), Gentile, Lance M (Egilea)
Formatua: Liburua
Hizkuntza:ingelesa
Argitaratua: Newark International Reading Association 1992
Gaiak:
Etiketak: Etiketa erantsi
Etiketarik gabe, Izan zaitez lehena erregistro honi etiketa jartzen!

MARC

LEADER 00000nam a2200000 a 4500
001 UCJ2939
003 CL-VaPUC
008 070119e19921200US |||||||||||||||||eng|d
020 |a 087207532X 
082 0 4 |a 428.4  |b MAN  |2 21 
100 |a Mandel Glazer, Susan  |e autora  |9 504009 
700 0 |a Searfoss, Lyndon W  |e author  |9 504010 
700 0 |a Gentile, Lance M  |e author  |9 504011 
245 1 0 |a Reexamining reading diagnosis: new trends and procedures 
300 |a 178 p 
942 |c BK 
945 |d 20070119 00:00:00  |a lvergara 
260 |a Newark  |b International Reading Association  |c 1992 
500 |a Donación de la Dra. Marianne Peronard Thierry 
650 0 |a Lectura  |9 307634 
650 0 |a Comprensión de lectura  |9 307588 
650 0 |a Métodos de enseñanza  |9 270413 
650 0 |a Evaluación de la educación   |9 237505 
583 |a last modification  |c 20070119 00:00:00  |k Rodrigo Vera 
999 |c 319067  |d 319065 
952 |0 0  |1 0  |4 0  |6 428_400000000000000_MAN_1992  |7 0  |8 A  |9 397302  |a FDOPOS  |b FDOPOS  |d 2019-11-22  |i 4313011  |o 428.4 MAN 1992  |p 4313011  |r 2025-01-22  |w 2019-11-22  |y BK  |k MLA